Propuesta sobre el desarrollo local: descentralización y los gobiernos municipales
Destaca los avances del proceso de descentralización y fortalecimiento de los gobiernos locales en El Salvador. Presenta una propuesta que señala el rol del gobierno municipal en el desarrollo local, la cual incluye los siguientes componentes: desarrollo socio-económico local, fortalecimiento munici...
Сохранить в:
| Формат: | Текст |
|---|---|
| Предметы: | |
| Метки: |
Добавить метку
Нет меток, Требуется 1-ая метка записи!
|
MARC
| LEADER | 00000 a a2200000 04500 | ||
|---|---|---|---|
| 001 | 14105 | ||
| 003 | |||
| 040 | |||
| 245 | |a Propuesta sobre el desarrollo local: |b descentralización y los gobiernos municipales | ||
| 520 | |a Destaca los avances del proceso de descentralización y fortalecimiento de los gobiernos locales en El Salvador. Presenta una propuesta que señala el rol del gobierno municipal en el desarrollo local, la cual incluye los siguientes componentes: desarrollo socio-económico local, fortalecimiento municipal institucional, desarrollo local en el marco de la descentalización, participación ciudadana activa, definición de roles de los principales actores y financiamiento del desarrollo local. RCAP | ||
| 650 | |a GOBIERNO LOCAL | ||
| 650 | |a DESARROLLO REGIONAL | ||
| 650 | |a DESCENTRALIZACION | ||
| 650 | |a DESARROLLO ECONOMICO Y SOCIAL | ||
| 650 | |a PARTICIPACION SOCIAL | ||
| 650 | |a RECURSOS FINANCIEROS | ||
| 650 | |a POBREZA | ||
| 650 | |a MARCO INSTITUCIONAL | ||
| 650 | |a ESTADISTICA | ||
| 773 | |g número 34 -35; páginas 235-249 | ||
| 999 | |c 38591 |d 38591 | ||
